First Five Quiz #2 - Statistics

General Stats
  • This quiz has been taken 19 times
  • The average score is 12 of 25
Answer Stats
Category Answer % Correct
Letters in the Greek Alphabet Alpha
94%
Letters in the Greek Alphabet Beta
94%
Books of the Bible Genesis
89%
Letters in the Greek Alphabet Delta
83%
Roman Emperors Augustus
78%
Books of the Bible Exodus
78%
Roman Emperors Nero
72%
Letters in the Greek Alphabet Gamma
67%
Books of the Bible Numbers
67%
Books of the Bible Deuteronomy
56%
Books of the Bible Leviticus
56%
Roman Emperors Caligula
50%
Letters in the Greek Alphabet Epsilon
50%
Roman Emperors Claudius
44%
Roman Emperors Tiberius
44%
Movies to Win "Best Picture" All Quiet on the Western Front
22%
Prince Solo Albums Prince
22%
Movies to Win "Best Picture" The Broadway Melody
22%
Movies to Win "Best Picture" Wings
22%
Movies to Win "Best Picture" Cimarron
17%
Movies to Win "Best Picture" Grand Hotel
17%
Prince Solo Albums 1999
11%
Prince Solo Albums Controversy
6%
Prince Solo Albums Dirty Mind
6%
Prince Solo Albums For You
6%
No matching quizzes found
Score Distribution
Percent of People with Each Score
Percentile by Number Answered
Your Score History
You have not taken this quiz